Polytheistic Religions by God Quiz Stats

 Plays Quiz Updated Mar 18, 2021

Support Sporcle.
Go Orange.
Score 0/17 Timer 07:00
7 Plays Today
Gods Religion % Correct
Zeus, Poseidon, HadesGreek Mythology
98.8%
Jupiter, Neptune, PlutoRoman Mythology
96.7%
Ra, Isis, SetEgyptian Mythology
91.3%
Odin, Thor, LokiNorse Mythology
81.2%
Vishnu, Shiva, GaneshaHinduism
77.7%
Huitzilopochtli, Tlaloc, QuetzalcoatlAztec Mythology
68.7%
Itzamna, Chac, IxchelMaya Mythology
46.9%
Viracocha, Inti, KonInca Mythology
30.2%
Anu, Ishtar, MardukMesopotamian Mythology
24.5%
Gods Religion % Correct
Yuanshi Tianzun, Lingbao Tianzun, Daode TianzunDaoism
16.6%
Ong Troi, Thuong-de, Lieu HanhVietnamese Mythology
11.2%
Belenus, Sulis, GrannusCeltic Mythology
10.3%
Perun, Veles, Da┼żbog Slavic Mythology
6.6%
Olorun, Oya, ShangoYoruba Mythology
4.2%
Eebe/Waaq, Huur, NidarSomali Mythology
3.5%
Hahgwehdiyu, Gaol, GohoneIroquois
2.9%
Nyame, Asase Ya, BiaAshanti Mythology
2.5%

You're not logged in!

Compare scores with friends on all Sporcle quizzes.
OR
Log In

From the Vault

Begins with 'OB'

by caramba

Don't play this quiz too hard you might strain your oblique.
Remove Ads.
Support Sporcle.
Get the best of Sporcle when you Go Orange. This ad-free experience offers more features, more stats, and more fun while also helping to support Sporcle. Thank you for becoming a member.

Show Comments

Extras

Top Quizzes Today


Score Distribution

Your Account Isn't Verified!

In order to create a playlist on Sporcle, you need to verify the email address you used during registration. Go to your Sporcle Settings to finish the process.

Report this User

Report this user for behavior that violates our Community Guidelines.

Details: